Every 100,000+ city in USA: New Jersey - Statistics

General Stats
  • This quiz has been taken 78 times
  • The average score is 9 of 17
Answer Stats
Letter Population City % Correct
J-C 803,495 Jersey City
98%
N 580,419 Newark
97%
C 489,052 Camden
86%
T 362,520 Trenton
86%
E 330,096 Elizabeth
81%
A-C 245,170 Atlantic City
79%
P 410,456 Paterson
78%
N-B 210,601 New Brunswick
63%
E 106,250 Edison
52%
H 406,296 Hackensack
37%
T-R 280,115 Toms River
37%
L 170,009 Lakewood
27%
A-P 304,368 Asbury Park
22%
P-T-H 140,606 Parsippany-Troy Hills
13%
S 162,310 Somerville
5%
H 136,910 Hazlet
3%
W 157,104 Woodbury
3%
No matching quizzes found
Score Distribution
Percent of People with Each Score
Percentile by Number Answered
Your Score History
You have not taken this quiz